<?xml version="1.0" encoding="UTF-8"?>
<record
    xmlns:xsi="http://www.w3.org/2001/XMLSchema-instance"
    xsi:schemaLocation="http://www.loc.gov/MARC21/slim http://www.loc.gov/standards/marcxml/schema/MARC21slim.xsd"
    xmlns="http://www.loc.gov/MARC21/slim">

  <leader>00433nam a2200121   4500</leader>
  <controlfield tag="008">769.972.86 H557g</controlfield>
  <datafield tag="082" ind1=" " ind2=" ">
    <subfield code="a">769.972.86</subfield>
    <subfield code="b">H557g</subfield>
  </datafield>
  <datafield tag="100" ind1=" " ind2=" ">
    <subfield code="a">Hern&#xE1;ndez, Efra&#xED;n</subfield>
    <subfield code="9">7291</subfield>
  </datafield>
  <datafield tag="245" ind1=" " ind2=" ">
    <subfield code="a">Adri&#xE1;n Arguedas:</subfield>
    <subfield code="b">grabados</subfield>
  </datafield>
  <datafield tag="260" ind1=" " ind2=" ">
    <subfield code="a">Costa Rica</subfield>
    <subfield code="b">Luis Moralegui (dise&#xF1;o y diagramaci&#xF3;n)</subfield>
    <subfield code="c">2018</subfield>
  </datafield>
  <datafield tag="300" ind1=" " ind2=" ">
    <subfield code="a">125 p.</subfield>
    <subfield code="b">il. (col)</subfield>
    <subfield code="c">21,5 x 28 cm</subfield>
  </datafield>
  <datafield tag="650" ind1=" " ind2=" ">
    <subfield code="x">grabado costarricense</subfield>
    <subfield code="x">artista - grabado</subfield>
    <subfield code="x">Arguedas Ruano, Adri&#xE1;n</subfield>
    <subfield code="x">Costa Rica</subfield>
    <subfield code="x">dibujo</subfield>
    <subfield code="9">7292</subfield>
  </datafield>
  <datafield tag="999" ind1=" " ind2=" ">
    <subfield code="c">1893</subfield>
    <subfield code="d">1893</subfield>
  </datafield>
  <datafield tag="952" ind1=" " ind2=" ">
    <subfield code="0">0</subfield>
    <subfield code="1">0</subfield>
    <subfield code="2">ddc</subfield>
    <subfield code="4">0</subfield>
    <subfield code="7">0</subfield>
    <subfield code="a">LV</subfield>
    <subfield code="b">LV</subfield>
    <subfield code="c">Monograf&#xED;as</subfield>
    <subfield code="d">2020-02-19</subfield>
    <subfield code="l">0</subfield>
    <subfield code="o">769.972.86 H557g</subfield>
    <subfield code="p">003046</subfield>
    <subfield code="r">2020-02-19 00:00:00</subfield>
    <subfield code="w">2020-02-19</subfield>
    <subfield code="y">01</subfield>
  </datafield>
</record>
